Te extraño, Sofía (Registro nro. 4842)
[ vista simple ]
| 000 -Cabecera | |
|---|---|
| Campo de control de longitud fija | 00502aam a2200217 4500 |
| 005 - Fecha y hora de la última transacción | |
| Campo de control | 20241011170700.0 |
| 008 - Elementos de longitud fija--Información general | |
| Campo de control de longitud fija | 150420b xxu||||| |||| 00| 0 spa d |
| 020 ## - International Standard Book Number | |
| Número Internacional Estándar del Libro (ISBN) | 9580459088 |
| 041 ## - Idioma | |
| Código de idioma | Español |
| 082 ## - Clasificación Decimal Dewey | |
| Número de clasificación | 823.3 F874t |
| 100 ## - Entrada principal--Autor personal | |
| Nombre personal | French, Jackie. |
| 245 ## - Título propiamente dicho | |
| Título | Te extraño, Sofía |
| 260 ## - Pie de imprenta | |
| Lugar de publicación, distribución, etc. | Colombia |
| 260 ## - Pie de imprenta | |
| Nombre del editor, distribuidor, etc. | Norma |
| 260 ## - Pie de imprenta | |
| Fecha de publicación, distribución, etc. | 2000 |
| 300 ## - Descripción física | |
| Extensión | 244 páginas |
| 650 ## - Materia general | |
| Temática (materia general) | NOVELA INFANTIL |
| 650 ## - Materia general | |
| Temática (materia general) | LITERATURA AUSTRALIANA |
| 650 ## - Materia general | |
| Temática (materia general) | DESAPARICIÓN |
| 942 ## - Punto de acceso adicional KOHA | |
| Tipo de ítem KOHA | Literatura |
| Fuente del sistema de clasificación o colocación | Dewey Decimal Classification |
| Signatura completa | Código de barras | Tipo de ítem |
|---|---|---|
| 823.3 F874t | 13729 | Literatura |